Sənayedə investisiya və innovasiya fəalliyəti (Record no. 492)

MARC details
000 -LEADER
fixed length control field 04128nam a2200337 4500
003 - CONTROL NUMBER IDENTIFIER
control field OSt
005 - DATE AND TIME OF LATEST TRANSACTION
control field 20260515102809.0
008 - FIXED-LENGTH DATA ELEMENTS--GENERAL INFORMATION
fixed length control field 260515b |||||||| |||| 00| 0 aze d
040 ## - CATALOGING SOURCE
Original cataloging agency AZ-XaKU
Language of cataloging aze
Transcribing agency AZ-XaKU
041 ## - LANGUAGE CODE
Language code of text/sound track or separate title aze
050 14 - LIBRARY OF CONGRESS CALL NUMBER
Classification number HC79 .Ln898 2017
100 1# - MAIN ENTRY--PERSONAL NAME
Personal name İbrahimov, İslam,
Relator term müəllif.
245 1# - TITLE STATEMENT
Title Sənayedə investisiya və innovasiya fəalliyəti
Statement of responsibility, etc. / İslam İbrahimov, Kərim Kərimov ; elmi redaktor Bəyalı Ataşov, ; rəyçilər Qənimət Səfərov, Arif Hüseynov
264 ## - PRODUCTION, PUBLICATION, DISTRIBUTION, MANUFACTURE, AND COPYRIGHT NOTICE
Place of production, publication, distribution, manufacture Bakı:
Name of producer, publisher, distributor, manufacturer Bakı Biznes Universiteti,
Date of production, publication, distribution, manufacture, or copyright notice 2017.
300 ## - PHYSICAL DESCRIPTION
Extent 254 səhifə ;
Dimensions 21,5 sm.
336 ## - CONTENT TYPE
Content type term text
Content type code txt
Source rdacontent
337 ## - MEDIA TYPE
Media type term unmediated
Media type code n
Source rdamedia
338 ## - CARRIER TYPE
Carrier type term volume
Carrier type code nc
Source rdacarrier
504 ## - BIBLIOGRAPHY, ETC. NOTE
Bibliography, etc. note İstifadə olunmuş ədəbiyyat siyahısı: s. 248-249
505 0# - Formatted Contents Note
Formatted contents note Giriş -- Mövzu 1. İnvestisiya qoyuluşunun mahiyyəti və formaları -- Mövzu 2. İnvestisiya fəaliyyəti və siyasəti -- Mövzu 3. İnvestisiyanın təsnifləşdirilməsi. İnvestisiya layihələrinin mahiyyəti, vəzifələri və iqtisadi sahələrin inkişafında rolu -- Mövzu 4. İnvestisiyanın iqtisadi inkişafda rolu -- Mövzu 5. İnvestisiya layihəsinin hazırlanması və reallaşdırılması mərhələləri -- Mövzu 6. İnvestisiya layihələrinin maliyyələşdirilməsi mənbələri -- Mövzu 7. İnvestisiya qoyuluşlarının səmərəliliyinin qiymətləndirilməsində zaman, qeyri-müəyyənlik və risk amillərinin nəzərə alınması zəruriliyi -- Mövzu 8. İnvestisiya qoyuluşlarının həcm və strukturuna təsir edən amillər -- Mövzu 9. İnvestisiya layihələrinin səmərəliliyinin statik və pul axınlarının diskontlaşdırılmasına əsaslanan metodları -- Mövzu 10. İnvestisiya layihələrinin iqtisadi səmərəliliyinin qiymətləndirilməsində gəlir-xərc təhlili və xərclərin səmərəliliyi metodları və onların tətbiq istiqamətləri -- Mövzu 11. İnvestisiya layihələrinin strateji məqsədlərinin formalaşdırılması -- Mövzu 12. Kapital qoyuluşunun tərkibi və strukturu -- Mövzu 13. Müəssisənin innovasiya fəaliyyətinin mahiyyəti və növləri -- Mövzu 14. İntellektual mülkiyyətin mahiyyəti və tərkibi -- Mövzu 15. Elektronika və kompüter texnikası əsasında istehsalın idarəetmə proseslərinin kompleks tənzimlənməsi
520 ## - SUMMARY, ETC.
Summary, etc. Dərs vəsaitində sənayedə investisiya və innovasiya fəaliyyətində investisiya qoyuluşunun mahiyyəti və formaları, onların təsnifləşdirilməsi, ölkə iqtisadiyyatının iqtisadi inkişafda rolu, investisiya layihələrinin hazırlanması, reallaşdırılması, maliyyələşdirilməsi, investisiya qoyuluşlarının həcmi və strukturuna təsir edən amillər, kapital qoyuluşu, onun tərkibi və digər məsələlər məntiqi izah olunmuşdur. Təqdim olunan kitabda investisiyanın fəaliyyətində layihələrin işlənməsi, təşkili, idarə olunması, hesablanması metodları, səmərəliliyini qiymətləndirmək və investisiyanın tətbiq sahələrini müəyyənləşdirmək, əsas istehsal sahələrinin müasir durumu, xarici investisiyaların əsas istehsal sahələrinə cəlb olunmasının əhəmiyyəti, iqtisadi inkişafın tənzimlənməsi və möhkəmlənməsində innovasiya fəaliyyətinin rolu, müasir elektronika və kompüter sistemlərinin nəzəri aspektləri, sənayenin idarə edilməsində elektronika və kompüter sistemlərinin tətbiqi prinsipləri ardıcıllıqla verilmişdir.<br/>Dərs vəsaiti universitetin “Sənayedə investisiya və innovasiya fəaliyyəti” fənni üzrə tədris proqramına uyğun tərtib edilmişdir.
521 ## - TARGET AUDIENCE NOTE
Target audience note Kitabdan iqtisad yönümlü universitetlərin professor-müəllim heyəti, magistrant, doktorant, tələbə və elmi-tədqiqat müəssisələrinin əməkdaşları bəhrələnə bilər.
650 #7 - SUBJECT ADDED ENTRY--TOPICAL TERM
Topical term or geographic name entry element İqtisadiyyat
Source of heading or term AZ-XaKU
655 ## - INDEX TERM--GENRE/FORM
Source of term AZ-XaKU
Genre/form data or focus term Dərslik
700 1# - ADDED ENTRY--PERSONAL NAME
Personal name Kərimov, K.S,
Fuller form of name müəllif.
700 1# - ADDED ENTRY--PERSONAL NAME
Personal name Ataşov, Bəyalı,
Fuller form of name elmi redaktor.
700 1# - ADDED ENTRY--PERSONAL NAME
Personal name Səfərov, Qənimət,
Fuller form of name rəyçi.
700 1# - ADDED ENTRY--PERSONAL NAME
Personal name Hüseynov, Arif,
Fuller form of name rəyçi.
942 ## - ADDED ENTRY ELEMENTS (KOHA)
Koha item type Book
Holdings
Withdrawn status Lost status Source of classification or shelving scheme Damaged status Not for loan Collection Home library Current library Date acquired Total checkouts Full call number Barcode Date last seen Copy number Price effective from Koha item type
    Library of Congress Classification     General Collection Karabakh University Main Library Karabakh University Main Library 05/15/2026   HC79 .Ln898 2017 0000000370 05/15/2026 1 05/15/2026 Book
    Library of Congress Classification     General Collection Karabakh University Main Library Karabakh University Main Library 05/15/2026   HC79 .Ln898 2017 c.2 0000000376 05/15/2026 2 05/15/2026 Book
    Library of Congress Classification     General Collection Karabakh University Main Library Karabakh University Main Library 05/15/2026   HC79 .Ln898 2017 c.3 0000000377 05/15/2026 3 05/15/2026 Book
    Library of Congress Classification     General Collection Karabakh University Main Library Karabakh University Main Library 05/15/2026   HC79 .Ln898 2017 c.4 0000000378 05/15/2026 4 05/15/2026 Book
    Library of Congress Classification       Karabakh University Main Library Karabakh University Main Library 05/15/2026   HC79 .Ln898 2017 c.5 0000000379 05/15/2026 5 05/15/2026 Book